[Event "Open Olimpico A Maggio"]
[Site "Torino ITA"]
[Date "2006.05.29"]
[Round "9"]
[White "Parodi, Alessandro"]
[Black "Degrassi, Sergio"]
[Result "1-0"]
[WhiteElo "1928"]
[BlackElo "1919"]
[PlyCount "79"]
[EventDate "2006.05.22"]

1. d4 d5 2. c4 c6 3. Nc3 Nf6 4. Nf3 e6 5. Bg5 dxc4 6. e4 b5 7. e5 h6 8. Bh4 g5
9. Nxg5 hxg5 10. Bxg5 Nbd7 11. exf6 Bb7 12. g3 c5 13. d5 Ne5 14. Bg2 Nd3+ 15.
Kf1 Qd7 16. Qf3 O-O-O 17. dxe6 fxe6 18. Qxb7+ Qxb7 19. Bxb7+ Kxb7 20. Nxb5 Kc6
21. Na3 Bh6 22. Bh4 Kd5 23. Rb1 Rb8 24. Kg2 Rh7 25. Rhd1 Kd4 26. Nc2+ Ke4 27.
Na3 Rxb2 28. Rxb2 Nxb2 29. Re1+ Kd5 30. g4 Bd2 31. Re2 c3 32. Bg3 Nd3 33. h4
Ne1+ 34. Kf1 Nf3 35. g5 Rf7 36. Kg2 Ne1+ 37. Kh3 Nd3 38. Kg4 e5 39. Kf5 e4 40.
Rxe4 1-0

[Event "Open Olimpico A Maggio"]
[Site "Torino ITA"]
[Date "2006.05.29"]
[Round "9"]
[White "Rodriguez Alvarez, Alan"]
[Black "Ouadi, Wahbi"]
[Result "0-1"]
[WhiteElo "2178"]
[BlackElo "2011"]
[PlyCount "71"]
[EventDate "2006.05.22"]

1. e4 c5 2. Nf3 d6 3. d4 cxd4 4. Nxd4 Nf6 5. Nc3 a6 6. Be3 e5 7. Nb3 Be7 8. f3
Be6 9. Qd2 b5 10. O-O-O Nbd7 11. g4 g6 12. Bh6 Nb6 13. Bd3 b4 14. Ne2 Nfd7 15.
h3 a5 16. Kb1 a4 17. Nbc1 b3 18. Nc3 bxc2+ 19. Qxc2 f6 20. f4 exf4 21. N1e2 Bc4
22. Nxf4 Rb8 23. Ncd5 Ne5 24. Bxc4 Nbxc4 25. Qxa4+ Kf7 26. Rh2 Ra8 27. Qb4 Qd7
28. g5 Rhb8 29. Qc3 Rxa2 30. Nb4 Qa4 31. Nxa2 Qxd1+ 32. Nc1 Qa4 33. b3 Na3+ 34.
Kb2 Nec4+ 35. Ka1 Nb5+ 36. Ra2 0-1

[Event "Open Olimpico A Maggio"]
[Site "Torino ITA"]
[Date "2006.05.29"]
[Round "9"]
[White "Salvador, Roland"]
[Black "Nolte, Rolando"]
[Result "1/2-1/2"]
[WhiteElo "2396"]
[BlackElo "2372"]
[PlyCount "56"]
[EventDate "2006.05.22"]

1. d4 Nf6 2. Nf3 e6 3. c4 d5 4. Nc3 Be7 5. g3 O-O 6. Bg2 dxc4 7. O-O Nbd7 8. e4
c6 9. a4 a5 10. Qc2 Bb4 11. Rd1 Qe7 12. Na2 c5 13. e5 Nd5 14. Qxc4 N7b6 15. Qe2
h6 16. Nxb4 cxb4 17. Qe4 Bd7 18. Qg4 f5 19. exf6 Qxf6 20. b3 Rac8 21. Rf1 Rc2
22. Qe4 Rc3 23. Ne5 Rxb3 24. Nxd7 Nxd7 25. Bh3 Re8 26. Re1 Nf8 27. Bd2 Rb2 28.
Re2 Rc8 1/2-1/2

[Event "Open Olimpico A Maggio"]
[Site "Torino ITA"]
[Date "2006.05.29"]
[Round "9"]
[White "Sellitti, Federico"]
[Black "Maznitsin, Andrey"]
[Result "0-1"]
[WhiteElo "2124"]
[BlackElo "2187"]
[PlyCount "82"]
[EventDate "2006.05.22"]

1. e4 c6 2. d4 d5 3. exd5 cxd5 4. Bf4 Nf6 5. c3 g6 6. h3 Bg7 7. Bd3 O-O 8. Nf3
Nc6 9. Nbd2 a6 10. O-O Bf5 11. Bxf5 gxf5 12. Ne5 Ne4 13. Nxe4 fxe4 14. Qh5 Nxe5
15. dxe5 e6 16. Rae1 f6 17. Re3 fxe5 18. Bh6 Bxh6 19. Qxh6 Qf6 20. Qh5 Qf5 21.
Rg3+ Kh8 22. Rg5 Qf4 23. Rxe5 Rf6 24. Qg5 Qxg5 25. Rxg5 b5 26. Rg3 Rb8 27. Re3
Kg7 28. Rd1 Kf7 29. Rd4 Rg6 30. Re2 Rbg8 31. g3 Rc8 32. a4 Rc4 33. axb5 axb5
34. Re1 Rg8 35. Ra1 Rxd4 36. cxd4 Rc8 37. Ra7+ Kg6 38. Rb7 Rc1+ 39. Kg2 Rc2 40.
Rxb5 e3 41. g4 e2 0-1

[Event "Open Olimpico A Maggio"]
[Site "Torino ITA"]
[Date "2006.05.29"]
[Round "9"]
[White "Sgaravatti, Francesco"]
[Black "Laurenti, Stefano"]
[Result "1-0"]
[WhiteElo "2124"]
[BlackElo "2030"]
[PlyCount "53"]
[EventDate "2006.05.22"]

1. e4 d6 2. d4 Nf6 3. Bd3 e5 4. Nf3 Bg4 5. c3 c6 6. Be3 Nbd7 7. Nbd2 Be7 8. Qb3
Qc7 9. h3 Bh5 10. O-O Rc8 11. Nh2 Bg6 12. f4 exf4 13. Bxf4 Nh5 14. Be3 d5 15.
Qc2 dxe4 16. Nxe4 O-O 17. Rae1 f5 18. Ng5 Bd6 19. Nhf3 Rce8 20. Qb3+ Bf7 21.
Nxf7 Rxf7 22. Ng5 Bh2+ 23. Kh1 Ng3+ 24. Kxh2 Nxf1+ 25. Kg1 Qh2+ 26. Kxf1 Qh1+
27. Kf2 1-0

[Event "Open Olimpico A Maggio"]
[Site "Torino ITA"]
[Date "2006.05.29"]
[Round "9"]
[White "Sorcinelli, Francesco"]
[Black "Gallucci, Alessio"]
[Result "0-1"]
[WhiteElo "2115"]
[BlackElo "1787"]
[PlyCount "51"]
[EventDate "2006.05.22"]

1. e4 b6 2. d4 Bb7 3. Bd3 e6 4. Nf3 d5 5. e5 Ba6 6. Bxa6 Nxa6 7. O-O c5 8. c4
Nc7 9. Nc3 cxd4 10. Nxd4 Bc5 11. Qg4 Ne7 12. Nb3 Ng6 13. Nxc5 bxc5 14. Bg5 Qd7
15. f4 O-O 16. h4 Ne7 17. Rad1 Nf5 18. Ne4 Ne8 19. Nf6+ Nxf6 20. Bxf6 Kh8 21.
Rxd5 Qc8 22. Qg5 exd5 23. h5 Qe6 24. cxd5 gxf6 25. dxe6 fxg5 26. fxg5 0-1

[Event "Open Olimpico A Maggio"]
[Site "Torino ITA"]
[Date "2006.05.29"]
[Round "9"]
[White "Vehi Bach, Victor Manuel"]
[Black "Ilic, Ljubomir"]
[Result "1/2-1/2"]
[WhiteElo "2335"]
[BlackElo "2220"]
[PlyCount "129"]
[EventDate "2006.05.22"]

1. e4 c5 2. Nf3 e6 3. d4 cxd4 4. Nxd4 Nf6 5. Nc3 d6 6. Be3 Be7 7. f3 Nc6 8. Qd2
d5 9. Bb5 Bd7 10. exd5 exd5 11. O-O-O O-O 12. g4 a6 13. Bxc6 bxc6 14. Nb3 Be6
15. Na4 Nd7 16. Kb1 a5 17. h3 Ne5 18. Qc3 Nc4 19. Bd4 Bb4 20. Qd3 Qb8 21. c3
Bd6 22. Bc5 Rd8 23. Bxd6 Rxd6 24. Nbc5 Rd8 25. Rhe1 Qf4 26. b3 Rab8 27. Ka1 Ne5
28. Qe3 Ng6 29. Rd4 Qxe3 30. Rxe3 Re8 31. f4 Nf8 32. f5 Bd7 33. Rxe8 Bxe8 34.
Rd2 g6 35. f6 h6 36. h4 Bd7 37. Rd4 g5 38. hxg5 hxg5 39. c4 Be6 40. cxd5 Bxd5
41. Nc3 Ne6 42. Nxe6 fxe6 43. Ra4 Kf7 44. Rxa5 Kxf6 45. Kb2 Ke5 46. Nd1 Rb4 47.
Nf2 Kf6 48. Ra8 Rf4 49. Nd3 Rxg4 50. a4 c5 51. Rf8+ Ke7 52. Rg8 c4 53. bxc4
Bxc4 54. Ne5 Rg2+ 55. Kc3 Bd5 56. a5 Kf6 57. Nd3 Kf7 58. Rd8 Ra2 59. Kb4 Kg7
60. Kb5 g4 61. Nf4 Kf6 62. Nxd5+ exd5 63. Rxd5 g3 64. Rd3 g2 65. Rg3 1/2-1/2

[Event "Open Olimpico A Maggio"]
[Site "Torino ITA"]
[Date "2006.05.29"]
[Round "9"]
[White "Vinciguerra, Marco"]
[Black "Aliferopulos, Andrea"]
[Result "0-1"]
[WhiteElo "2084"]
[BlackElo "1980"]
[PlyCount "62"]
[EventDate "2006.05.22"]

1. e4 e5 2. Bc4 Nf6 3. d4 exd4 4. Nf3 Nc6 5. Ng5 Ne5 6. Bb3 h6 7. f4 hxg5 8.
fxe5 Nh5 9. Qf3 Qe7 10. Rf1 Nf4 11. Bxf4 gxf4 12. Qxf4 Qh4+ 13. Qxh4 Rxh4 14.
Bxf7+ Kd8 15. Bg6 Bb4+ 16. c3 dxc3 17. bxc3 Rh6 18. Bf5 Ba5 19. h3 Rc6 20. Rf3
g6 21. Bg4 Rc5 22. Rf6 Rxc3 23. Kd2 Rxh3+ 24. Kc2 Rg3 25. Bf3 Ke7 26. Nc3 Bxc3
27. Kxc3 d6 28. Kd4 dxe5+ 29. Kxe5 Rg5+ 30. Kf4 Kxf6 31. Re1 Re5 0-1

[Event "C.to Regionale Veneto"]
[Site "Arqua' Petrarca ITA"]
[Date "2006.05.06"]
[Round "1"]
[White "Alessi, Giovanni"]
[Black "Pomaro, Alberto"]
[Result "0-1"]
[WhiteElo "1640"]
[BlackElo "2011"]
[PlyCount "88"]
[EventDate "2006.05.06"]

1. e4 e6 2. d4 d5 3. e5 c5 4. c3 Qb6 5. Nf3 Bd7 6. Be2 Bb5 7. O-O Bxe2 8. Qxe2
Ne7 9. dxc5 Qxc5 10. Be3 Qc7 11. Nbd2 Nbc6 12. Bf4 Ng6 13. Bg3 Be7 14. Rac1 O-O
15. Nb3 a6 16. Nbd4 Rfc8 17. a3 b5 18. Rc2 Nxd4 19. Nxd4 Qc4 20. Qd2 Bd8 21.
Rfc1 Bb6 22. Kh1 Rc7 23. f4 Rac8 24. f5 Bxd4 25. fxg6 hxg6 26. h3 Bb6 27. Bf2
Bxf2 28. Qxf2 Qe4 29. Re2 Qf5 30. Qe3 Rc4 31. Rf2 Qe4 32. Qg3 d4 33. Rcf1 dxc3
34. Rf4 Qxf4 35. Rxf4 cxb2 36. Rf1 Rc1 37. Rxc1 Rxc1+ 38. Kh2 b1=Q 39. Qf3 Rh1+
40. Kg3 Qe1+ 41. Kg4 Qxe5 42. Qa8+ Kh7 43. Qf3 Re1 44. Qf2 Re4+ 0-1

[Event "C.to Regionale Veneto"]
[Site "Arqua' Petrarca ITA"]
[Date "2006.05.06"]
[Round "1"]
[White "Bagolin, Renzo"]
[Black "Gallo, Enrico"]
[Result "0-1"]
[WhiteElo "1700"]
[BlackElo "2096"]
[PlyCount "70"]
[EventDate "2006.05.06"]

1. c4 e5 2. Nc3 Nf6 3. g3 d5 4. cxd5 Nxd5 5. Bg2 Nxc3 6. bxc3 Bd6 7. Qb3 c6 8.
Nf3 O-O 9. O-O Qe7 10. d3 h6 11. Rb1 a5 12. Nd2 a4 13. Qb2 b5 14. Ne4 a3 15.
Qc2 Bc7 16. Be3 Na6 17. Nd2 Bd7 18. c4 Rab8 19. cxb5 cxb5 20. Nb3 Bd6 21. Rfc1
Rfc8 22. Qd1 Be6 23. Rxc8+ Rxc8 24. Rc1 Qd7 25. Rxc8+ Qxc8 26. Qc1 Qxc1+ 27.
Nxc1 Nb4 28. d4 exd4 29. Bxd4 Nxa2 30. Nd3 b4 31. Kf1 Nc3 32. Bxc3 bxc3 33. Nc1
a2 34. Nxa2 Bxa2 35. Ke1 Bb3 0-1

[Event "C.to Regionale Veneto"]
[Site "Arqua' Petrarca ITA"]
[Date "2006.05.06"]
[Round "1"]
[White "Baldi, Giancarlo"]
[Black "Rossato, Armando"]
[Result "0-1"]
[WhiteElo "1692"]
[BlackElo "2087"]
[PlyCount "66"]
[EventDate "2006.05.06"]

1. Nf3 c5 2. e3 g6 3. d4 Bg7 4. Bd3 Nc6 5. c3 b6 6. Qe2 Bb7 7. Ba6 Bxa6 8. Qxa6
Qc7 9. Nbd2 Nh6 10. Qe2 e6 11. dxc5 bxc5 12. e4 O-O 13. Nc4 d5 14. Na3 Rfe8 15.
O-O Rab8 16. Nc2 Ng4 17. h3 Nge5 18. Nxe5 Bxe5 19. Qf3 d4 20. cxd4 cxd4 21. Rb1
Red8 22. Rd1 Bh2+ 23. Kh1 Ne5 24. Qf6 Nd7 25. Qxd4 Be5 26. Qd2 Nf6 27. Qe2
Rxd1+ 28. Qxd1 Nxe4 29. Qe2 Nc3 30. bxc3 Rxb1 31. Qd1 Bf4 32. Ne3 Bxe3 33. fxe3
Qxc3 0-1

[Event "C.to Regionale Veneto"]
[Site "Arqua' Petrarca ITA"]
[Date "2006.05.06"]
[Round "1"]
[White "Battiston, Gianfranco"]
[Black "Gennari, Leone"]
[Result "0-1"]
[WhiteElo "1652"]
[BlackElo "2035"]
[PlyCount "82"]
[EventDate "2006.05.06"]

1. e4 e6 2. Nf3 d5 3. exd5 exd5 4. d4 Bd6 5. Nc3 c6 6. h3 Bf5 7. Bd3 Bxd3 8.
Qxd3 Ne7 9. O-O O-O 10. Re1 Ng6 11. Ne2 Qc7 12. b3 Nd7 13. c4 Rae8 14. cxd5
cxd5 15. Bd2 Nf6 16. Rac1 Qd7 17. Bg5 Ne4 18. Be3 h6 19. Nh2 f5 20. f3 Nf6 21.
Bd2 Re7 22. g4 Nh4 23. Nf4 Rfe8 24. Rxe7 Rxe7 25. Ng2 Nxg2 26. Kxg2 Qe8 27. Nf1
fxg4 28. hxg4 h5 29. g5 Nd7 30. Qf5 Re2+ 31. Kh1 Qe6 32. Qxe6+ Rxe6 33. Re1 Kf7
34. Rxe6 Kxe6 35. Kg2 g6 36. f4 Nb6 37. Kf3 Nc8 38. Ne3 Ne7 39. a4 Nf5 40. Nxf5
Kxf5 41. Be1 Bxf4 0-1

[Event "C.to Regionale Veneto"]
[Site "Arqua' Petrarca ITA"]
[Date "2006.05.06"]
[Round "1"]
[White "Belloni, Umberto"]
[Black "Cacco, Christian"]
[Result "0-1"]
[WhiteElo "1915"]
[BlackElo "2322"]
[PlyCount "76"]
[EventDate "2006.05.06"]

1. d4 c5 2. c3 Nf6 3. e3 e6 4. Bd3 b6 5. f4 Bb7 6. Nf3 cxd4 7. cxd4 Nc6 8. a3
Rc8 9. Nc3 Na5 10. O-O Nd5 11. Bd2 Nc4 12. Bxc4 Rxc4 13. Rc1 Be7 14. Nxd5 Rxc1
15. Qxc1 Bxd5 16. Qc2 f6 17. Rc1 Bc6 18. Qd1 O-O 19. Bc3 Qa8 20. Qe2 a5 21. Ne1
Rc8 22. Bd2 Bd6 23. Qg4 Re8 24. Bc3 Kf8 25. Nf3 Qa6 26. Ne1 Qb5 27. h4 h5 28.
Qd1 Qf5 29. Rc2 Ba4 30. Qf3 Bxc2 31. Nxc2 Kg8 32. Ne1 Rb8 33. g3 Qg4 34. Kg2
Qxf3+ 35. Kxf3 Rc8 36. Ke2 Bxa3 37. Bxa5 bxa5 38. bxa3 Rc3 0-1

[Event "C.to Regionale Veneto"]
[Site "Arqua' Petrarca ITA"]
[Date "2006.05.06"]
[Round "1"]
[White "Bonafede, Alessandro"]
[Black "Colusso, Enrico"]
[Result "1-0"]
[WhiteElo "2161"]
[BlackElo "1733"]
[PlyCount "85"]
[EventDate "2006.05.06"]

1. e4 e5 2. Nf3 Nc6 3. Bb5 a6 4. Ba4 Nf6 5. O-O Be7 6. Re1 b5 7. Bb3 O-O 8. h3
d6 9. c3 Na5 10. Bc2 c5 11. d4 Nc6 12. d5 Nb8 13. Nbd2 Nh5 14. Nxe5 Nf4 15. Ng4
f5 16. exf5 Bxf5 17. Ne4 Ng6 18. Nef6+ Bxf6 19. Bxf5 Ne7 20. Be6+ Kh8 21. Nxf6
Rxf6 22. Bg5 Rf8 23. Bg4 Rf7 24. Qe2 Ra7 25. Qe6 Qf8 26. Qxd6 Ng8 27. Qd8 Qxd8
28. Bxd8 Nd7 29. Re8 Nf8 30. Bb6 Rae7 31. Ra8 Nf6 32. Bxc5 Re8 33. Rxe8 Nxe8
34. Re1 Nf6 35. Re7 Rxe7 36. Bxe7 Kg8 37. Bxf6 gxf6 38. d6 Kf7 39. Bf5 h6 40.
Kf1 Ne6 41. Bxe6+ Kxe6 42. Ke2 Kxd6 43. Ke3 1-0

[Event "C.to Regionale Veneto"]
[Site "Arqua' Petrarca ITA"]
[Date "2006.05.06"]
[Round "1"]
[White "Casciello, Dimitri"]
[Black "Quaranta, Gaetano"]
[Result "1-0"]
[WhiteElo "2010"]
[BlackElo "1619"]
[PlyCount "95"]
[EventDate "2006.05.06"]

1. e4 e5 2. Nf3 Nc6 3. Bb5 a6 4. Ba4 Nf6 5. O-O Be7 6. Re1 b5 7. Bb3 O-O 8. h3
d6 9. c3 Bb7 10. d3 h6 11. Nbd2 Re8 12. Nf1 Bf8 13. Ng3 g6 14. Be3 Qd7 15. Nh4
Kh7 16. Nf3 Bg7 17. Nh2 Ne7 18. Bxf7 Rf8 19. Bb3 Neg8 20. Nf3 Ne7 21. a4 Rae8
22. axb5 axb5 23. Ra7 Rb8 24. Bc2 Nc6 25. Ra1 Rbe8 26. Qb1 Ne7 27. Ra7 Nc6 28.
Rxb7 Ng8 29. Qd1 Rf6 30. Nh2 h5 31. Nxh5 gxh5 32. Qxh5+ Nh6 33. Rxc7 Qxc7 34.
Qxe8 Ne7 35. Qh5 Neg8 36. Ng4 Rg6 37. Bb3 Ne7 38. Nxh6 Bxh6 39. Bxh6 Rxh6 40.
Qf7+ Kh8 41. Ra1 Qd8 42. Ra7 Rh7 43. Qf6+ Rg7 44. Bd5 Kh7 45. Ra8 Qd7 46. Rh8+
Kxh8 47. Qh6+ Rh7 48. Qf8+ 1-0

[Event "C.to Regionale Veneto"]
[Site "Arqua' Petrarca ITA"]
[Date "2006.05.06"]
[Round "1"]
[White "Chiesa, Roberto"]
[Black "Solinas, Carlo"]
[Result "0-1"]
[WhiteElo "1680"]
[BlackElo "2068"]
[PlyCount "98"]
[EventDate "2006.05.06"]

1. d4 Nf6 2. Nf3 g6 3. Bf4 Bg7 4. e3 O-O 5. Be2 d6 6. h3 c5 7. Nbd2 cxd4 8.
exd4 Nc6 9. c3 e5 10. dxe5 dxe5 11. Nxe5 Nd5 12. Nxc6 bxc6 13. Bg3 Re8 14. O-O
Bxc3 15. Nc4 Ba6 16. bxc3 Nxc3 17. Qxd8 Nxe2+ 18. Kh2 Raxd8 19. Rfc1 Nxc1 20.
Rxc1 Bxc4 21. Rxc4 Re6 22. Ra4 Rd7 23. Bb8 Re8 24. Bf4 f5 25. Ra6 c5 26. Rc6
Re4 27. Be3 c4 28. g3 Rxe3 29. fxe3 Rd2+ 30. Kg1 Rxa2 31. Rxc4 Kg7 32. g4 Kf6
33. Rc5 a5 34. gxf5 gxf5 35. Kf1 a4 36. Ra5 a3 37. Ke1 Ra1+ 38. Kd2 h5 39. h4
a2 40. Kc2 Rh1 41. Rxa2 Rh2+ 42. Kb3 Rxa2 43. Kxa2 Ke5 44. Kb2 Ke4 45. Kc2 Kxe3
46. Kd1 Kf2 47. Kd2 f4 48. Kd1 f3 49. Kd2 Kg1 0-1

[Event "C.to Regionale Veneto"]
[Site "Arqua' Petrarca ITA"]
[Date "2006.05.06"]
[Round "1"]
[White "De Marchi, Alessandro"]
[Black "Valentini, Paola"]
[Result "1/2-1/2"]
[WhiteElo "1600"]
[BlackElo "1986"]
[PlyCount "89"]
[EventDate "2006.05.06"]

1. e4 c5 2. Nf3 Nc6 3. Be2 d6 4. O-O Nf6 5. Nc3 g6 6. d4 cxd4 7. Nxd4 Bg7 8.
Be3 O-O 9. Kh1 Bd7 10. Nb3 a6 11. a4 Na5 12. Nxa5 Qxa5 13. Qd2 Qb4 14. f3 Rac8
15. Bd3 Be6 16. Ne2 Qxd2 17. Bxd2 Nd7 18. Bc3 Nc5 19. Bxg7 Kxg7 20. Nf4 Bd7 21.
Nd5 e6 22. Nb6 Rcd8 23. b4 Nxd3 24. cxd3 Bc6 25. d4 f6 26. d5 exd5 27. exd5 Be8
28. Rfe1 Rf7 29. Rac1 Kf8 30. Re6 f5 31. a5 Bb5 32. h4 f4 33. Rc8 Rxc8 34. Nxc8
Bd7 35. Rxd6 Bxc8 36. Rd8+ Ke7 37. Rxc8 Kd6 38. Kg1 Kxd5 39. Rc5+ Kd4 40. Kf2
Kd3 41. b5 axb5 42. Rxb5 Kc4 43. Rb6 Kd4 44. a6 bxa6 45. Rxa6 1/2-1/2

[Event "C.to Regionale Veneto"]
[Site "Arqua' Petrarca ITA"]
[Date "2006.05.06"]
[Round "1"]
[White "Dussin, Davide"]
[Black "Danieli, Enrico"]
[Result "0-1"]
[WhiteElo "1718"]
[BlackElo "2143"]
[PlyCount "66"]
[EventDate "2006.05.06"]

1. d4 Nf6 2. c4 c5 3. Nf3 cxd4 4. Nxd4 e5 5. Nf3 Nc6 6. Nc3 Bc5 7. e3 O-O 8.
Be2 d6 9. O-O a5 10. b3 Bf5 11. a3 Re8 12. Bb2 h6 13. Qd2 Qe7 14. Nd5 Qd8 15.
Rfd1 Nxd5 16. cxd5 Ne7 17. b4 Bb6 18. Bc3 Be4 19. Bb5 Rf8 20. Bc4 Rc8 21. bxa5
Rxc4 22. axb6 Nxd5 23. Ba5 Rc2 24. Qe1 Bxf3 25. gxf3 Qg5+ 26. Kh1 Qh5 27. Rd2
Qxf3+ 28. Kg1 Rc4 29. Rad1 Rg4+ 30. Kf1 Ne7 31. Rxd6 Nf5 32. R6d5 Nh4 33. Rxe5
Rg1+ 0-1

[Event "C.to Regionale Veneto"]
[Site "Arqua' Petrarca ITA"]
[Date "2006.05.06"]
[Round "1"]
[White "Fabrello, Alessandro"]
[Black "Roberti, Ignazio"]
[Result "0-1"]
[WhiteElo "1560"]
[BlackElo "1946"]
[PlyCount "100"]
[EventDate "2006.05.06"]

1. d4 Nf6 2. Nf3 e6 3. Bf4 b6 4. e3 Bb7 5. Nbd2 c5 6. c3 Be7 7. Be2 Na6 8. O-O
Nc7 9. Bxc7 Qxc7 10. h3 O-O 11. Re1 d5 12. Qc2 Ne4 13. Nxe4 dxe4 14. Nd2 f5 15.
Nf1 f4 16. exf4 cxd4 17. Bg4 Qc6 18. Qb3 Bf6 19. cxd4 Bxd4 20. Qxe6+ Qxe6 21.
Bxe6+ Kh8 22. Re2 Rxf4 23. Rd1 Ba6 24. Red2 Bd3 25. Ne3 Raf8 26. Kh2 Rxf2 27.
Rxf2 Rxf2 28. Ng4 Rxb2 29. Bc4 h5 30. Bxd3 exd3 31. Rxd3 hxg4 32. Rxd4 gxh3 33.
Kxh3 Rxa2 34. g3 a5 35. Kh4 b5 36. Kg5 Kh7 37. Rh4+ Kg8 38. Rd4 Kf7 39. Rd7+
Kf8 40. g4 Rc2 41. Rd5 Rb2 42. Kg6 a4 43. g5 a3 44. Rf5+ Ke7 45. Rf7+ Kd6 46.
Kxg7 a2 47. Ra7 b4 48. g6 b3 49. Kg8 Rb1 50. Ra6+ Kc5 0-1

[Event "C.to Regionale Veneto"]
[Site "Arqua' Petrarca ITA"]
[Date "2006.05.06"]
[Round "1"]
[White "Guclu, Yaman"]
[Black "Colpo, Raffaele"]
[Result "1-0"]
[WhiteElo "2027"]
[BlackElo "1645"]
[PlyCount "73"]
[EventDate "2006.05.06"]

1. d4 Nf6 2. c4 g6 3. Nc3 Bg7 4. e4 d6 5. Be2 O-O 6. Bg5 c5 7. d5 Nbd7 8. Qd2
Re8 9. f3 a6 10. Nh3 Rb8 11. O-O Qa5 12. a3 Nb6 13. Rfb1 Nbd7 14. Kh1 Qc7 15.
Nf2 e6 16. dxe6 Rxe6 17. Nd3 Nb6 18. b3 Bd7 19. a4 Rbe8 20. a5 Nc8 21. Nf4 Re5
22. Nd3 R5e6 23. Nf4 Re5 24. Nfd5 Qd8 25. b4 Bc6 26. b5 axb5 27. cxb5 Bxd5 28.
Nxd5 h6 29. Bxf6 Bxf6 30. a6 bxa6 31. bxa6 Rxd5 32. Qxd5 Bxa1 33. Rxa1 Nb6 34.
Qc6 Na8 35. Rd1 Re6 36. Bc4 d5 37. Rxd5 1-0

[Event "C.to Regionale Veneto"]
[Site "Arqua' Petrarca ITA"]
[Date "2006.05.06"]
[Round "1"]
[White "Mosconi, Ariel Oscar"]
[Black "Bellini, Luca"]
[Result "1-0"]
[WhiteElo "2122"]
[BlackElo "1715"]
[PlyCount "43"]
[EventDate "2006.05.06"]

1. e4 e5 2. Nf3 Nc6 3. Be2 Nf6 4. d4 Nxd4 5. Nxd4 exd4 6. Qxd4 h6 7. e5 Ng8 8.
Nc3 c6 9. Bf4 Ne7 10. O-O-O g5 11. Ne4 Nd5 12. Nd6+ Bxd6 13. exd6 O-O 14. Bg3
Qb6 15. Bc4 Qxd4 16. Rxd4 b5 17. Bxd5 cxd5 18. h4 Bb7 19. hxg5 hxg5 20. f4 Kg7
21. fxg5 Rh8 22. Be5+ 1-0

[Event "C.to Regionale Veneto"]
[Site "Arqua' Petrarca ITA"]
[Date "2006.05.06"]
[Round "1"]
[White "Pechy, Alaster"]
[Black "Rosina, Graziano"]
[Result "1-0"]
[WhiteElo "2199"]
[BlackElo "1772"]
[PlyCount "45"]
[EventDate "2006.05.06"]

1. d4 d5 2. c4 c6 3. Nc3 Nf6 4. Nf3 e6 5. e3 Nbd7 6. Qc2 Qc7 7. Bd3 Be7 8. O-O
dxc4 9. Bxc4 b5 10. Bd3 a6 11. e4 e5 12. Nd5 Nxd5 13. exd5 c5 14. dxe5 Nxe5 15.
Nxe5 Qxe5 16. Bd2 Qd6 17. Rfe1 Kd8 18. Ba5+ Ke8 19. Bc3 Bb7 20. Be5 Qxd5 21.
Be4 Qd7 22. Bxb7 Qxb7 23. Bd6 1-0

[Event "C.to Regionale Veneto"]
[Site "Arqua' Petrarca ITA"]
[Date "2006.05.06"]
[Round "1"]
[White "Quaranta, Cristiano"]
[Black "Andolfatto, Biagio"]
[Result "1-0"]
[WhiteElo "2083"]
[BlackElo "1684"]
[PlyCount "73"]
[EventDate "2006.05.06"]

1. d4 Nf6 2. Nf3 e6 3. Bg5 Be7 4. Nbd2 d5 5. e3 Nfd7 6. Bf4 O-O 7. Bd3 c5 8. c3
c4 9. Bc2 Nc6 10. O-O b5 11. e4 a5 12. Ne5 Ndxe5 13. dxe5 d4 14. cxd4 Nxd4 15.
a4 c3 16. bxc3 Nxc2 17. Qxc2 b4 18. Nc4 Qc7 19. Nd6 Ba6 20. Rfc1 Rab8 21. cxb4
Qxc2 22. Rxc2 axb4 23. Rb2 Bd3 24. Bd2 b3 25. f3 Bc2 26. a5 Bd8 27. Be3 Bc7 28.
a6 Bb6 29. Kf2 Bxe3+ 30. Kxe3 Rb6 31. a7 Ra8 32. Kd4 Rc6 33. Ra4 Rc7 34. Nb5
Rd7+ 35. Kc5 Rb7 36. Kc6 Rbb8 37. axb8=Q+ 1-0

[Event "C.to Regionale Veneto"]
[Site "Arqua' Petrarca ITA"]
[Date "2006.05.06"]
[Round "1"]
[White "Ravagnani, Tiziano"]
[Black "Troise, Salvatore"]
[Result "1/2-1/2"]
[WhiteElo "2055"]
[BlackElo "1679"]
[PlyCount "31"]
[EventDate "2006.05.06"]

1. e4 c5 2. Nf3 Nc6 3. d4 cxd4 4. Nxd4 e5 5. Nb5 d6 6. c4 a6 7. N5c3 Nf6 8. Be2
Be7 9. Be3 O-O 10. O-O Be6 11. Nd2 Nd4 12. Nd5 Nxe2+ 13. Qxe2 Nxd5 14. exd5 Bd7
15. f4 f5 16. Nf3 1/2-1/2

[Event "C.to Regionale Veneto"]
[Site "Arqua' Petrarca ITA"]
[Date "2006.05.06"]
[Round "1"]
[White "Rossi, Carlo"]
[Black "Carlassara, Renato"]
[Result "1-0"]
[WhiteElo "2341"]
[BlackElo "1841"]
[PlyCount "49"]
[EventDate "2006.05.06"]

1. e4 e5 2. Nf3 Nc6 3. c3 d5 4. exd5 Qxd5 5. d4 Bg4 6. Be2 e4 7. Ng5 Bxe2 8.
Qxe2 O-O-O 9. O-O f5 10. f3 exf3 11. Qxf3 Nh6 12. Qxd5 Rxd5 13. Ne6 Ng4 14. h3
Nf6 15. c4 Rd6 16. d5 Nb4 17. Nc3 c6 18. Bf4 Rd7 19. a3 Nd3 20. Bh2 cxd5 21.
cxd5 Nxd5 22. Nb5 f4 23. Rac1+ Nxc1 24. Rxc1+ Kb8 25. Nxf4 1-0

[Event "C.to Regionale Veneto"]
[Site "Arqua' Petrarca ITA"]
[Date "2006.05.06"]
[Round "1"]
[White "Sanavio, Giancarlo"]
[Black "Caruso, Augusto"]
[Result "0-1"]
[WhiteElo "1808"]
[BlackElo "2274"]
[PlyCount "66"]
[EventDate "2006.05.06"]

1. Nf3 e6 2. c4 f5 3. d4 Nf6 4. Nc3 Bb4 5. a3 Bxc3+ 6. bxc3 c5 7. Qa4 Ne4 8.
dxc5 Na6 9. Be3 Nxc3 10. Qc2 Ne4 11. g4 Qa5+ 12. Nd2 Naxc5 13. gxf5 exf5 14.
Rg1 O-O 15. Bd4 g6 16. Bg2 Nb3 17. Bxe4 Nxd4 18. Qd3 Qe5 19. Bd5+ Kg7 20. Rb1
Rb8 21. e3 Nc6 22. Nf3 Qf6 23. Ng5 Ne5 24. Qd4 b6 25. h4 Bb7 26. Bxb7 Rxb7 27.
Qd5 Rc7 28. h5 Ng4 29. Nh3 Qc3+ 30. Qd2 Qxd2+ 31. Kxd2 Rxc4 32. f3 Ne5 33. Rg3
Rfc8 0-1

[Event "C.to Regionale Veneto"]
[Site "Arqua' Petrarca ITA"]
[Date "2006.05.06"]
[Round "1"]
[White "Tegani, Andrea"]
[Black "Pomaro, Stefano"]
[Result "1-0"]
[WhiteElo "1398"]
[BlackElo "1933"]
[PlyCount "115"]
[EventDate "2006.05.06"]

1. c4 f5 2. Nc3 Nf6 3. Nf3 d6 4. d4 e6 5. e3 Be7 6. Bd3 O-O 7. O-O Nc6 8. a3 e5
9. dxe5 Nxe5 10. Nxe5 dxe5 11. Bc2 Be6 12. b3 c6 13. Bb2 Qc7 14. Ne2 Rad8 15.
Qb1 g6 16. Ng3 e4 17. Rd1 Ng4 18. Rxd8 Rxd8 19. Qe1 a5 20. Rd1 a4 21. Rxd8+
Qxd8 22. b4 Bxc4 23. Qc3 Bf6 24. Qxc4+ Kg7 25. Bxf6+ Qxf6 26. h3 Qa1+ 27. Qf1
Qxa3 28. hxg4 Qxb4 29. Qa1+ Kg8 30. gxf5 b5 31. Bxe4 a3 32. Qa2+ Kf8 33. Bxc6
Qc5 34. Qe6 a2 35. Qxa2 Qxc6 36. Qa3+ Ke8 37. Qb4 Kf7 38. Ne4 gxf5 39. Nd6+ Ke6
40. Nxb5 Kd7 41. Qd6+ Qxd6 42. Nxd6 Kxd6 43. f3 Ke6 44. Kf2 Kf6 45. Kg3 Kg5 46.
f4+ Kh5 47. Kh3 h6 48. g3 Kg6 49. g4 Kf6 50. Kh4 fxg4 51. Kxg4 Kg6 52. f5+ Kf6
53. e4 Kf7 54. Kh5 Kg7 55. e5 Kh7 56. f6 Kg8 57. Kxh6 Kh8 58. Kg6 1-0

[Event "C.to Regionale Veneto"]
[Site "Arqua' Petrarca ITA"]
[Date "2006.05.06"]
[Round "1"]
[White "Vianello, Enrico"]
[Black "Zanini, Andrea"]
[Result "1-0"]
[WhiteElo "2094"]
[BlackElo "1700"]
[PlyCount "81"]
[EventDate "2006.05.06"]

1. d4 d5 2. c4 Nf6 3. Nc3 c6 4. Bg5 e6 5. e3 Nbd7 6. Nf3 Bb4 7. Qc2 Qa5 8. Nd2
Bxc3 9. bxc3 h6 10. Bh4 g5 11. Bg3 Ne4 12. Nxe4 dxe4 13. Bd6 f5 14. Be2 h5 15.
f3 exf3 16. gxf3 Nf8 17. Rb1 Qd8 18. c5 g4 19. Kd1 Ng6 20. Kc1 Qg5 21. f4 Qh4
22. Kb2 Ne7 23. e4 b6 24. Ka1 b5 25. Bd3 O-O 26. Rbg1 Qf6 27. h3 Qh6 28. Bxe7
Rf7 29. Bd6 a5 30. hxg4 fxg4 31. Rxg4+ Rg7 32. Rxg7+ Kxg7 33. Qg2+ Qg6 34. Bf8+
Kf7 35. Qxg6+ Kxg6 36. Be2 Bd7 37. Bxh5+ Kf6 38. Bh6 Rh8 39. Bg5+ Kg7 40. e5
Be8 41. Bf6+ 1-0